<?xml version="1.0" encoding="UTF-8"?>
<record
    xmlns:xsi="http://www.w3.org/2001/XMLSchema-instance"
    xsi:schemaLocation="http://www.loc.gov/MARC21/slim http://www.loc.gov/standards/marcxml/schema/MARC21slim.xsd"
    xmlns="http://www.loc.gov/MARC21/slim">

  <leader>00610nam a2200193Ia 4500</leader>
  <controlfield tag="003">GCL</controlfield>
  <controlfield tag="008">140319s9999    xx            000 0 ara d</controlfield>
  <datafield tag="040" ind1=" " ind2=" ">
    <subfield code="a">GCL / </subfield>
    <subfield code="c">GCL</subfield>
  </datafield>
  <datafield tag="082" ind1="0" ind2="4">
    <subfield code="a">&#x62F;</subfield>
    <subfield code="b">050</subfield>
  </datafield>
  <datafield tag="100" ind1="1" ind2=" ">
    <subfield code="a">&#x631;&#x634;&#x627;&#x62F; &#x639;&#x628;&#x62F;&#x627;&#x644;&#x644;&#x647; &#x627;&#x644;&#x634;&#x627;&#x645;&#x649;</subfield>
  </datafield>
  <datafield tag="245" ind1="1" ind2="0">
    <subfield code="a">&#x627;&#x634;&#x643;&#x627;&#x644;&#x64A;&#x629; &#x627;&#x644;&#x647;&#x648;&#x64A;&#x629; &#x641;&#x649; &#x627;&#x633;&#x631;&#x627;&#x626;&#x64A;&#x644; ( &#x639;&#x627;&#x644;&#x645; &#x627;&#x644;&#x645;&#x639;&#x631;&#x641;&#x629; 224 ) / </subfield>
    <subfield code="c">&#x631;&#x634;&#x627;&#x62F; &#x639;&#x628;&#x62F;&#x627;&#x644;&#x644;&#x647; &#x627;&#x644;&#x634;&#x627;&#x645;&#x649;</subfield>
  </datafield>
  <datafield tag="300" ind1=" " ind2=" ">
    <subfield code="a">319 &#x635;</subfield>
  </datafield>
  <datafield tag="490" ind1=" " ind2=" ">
    <subfield code="a">&#x639;&#x627;&#x644;&#x645; &#x627;&#x644;&#x645;&#x639;&#x631;&#x641;&#x629;</subfield>
    <subfield code="v">0</subfield>
  </datafield>
  <datafield tag="650" ind1="0" ind2="4">
    <subfield code="a">&#x627;&#x633;&#x631;&#x627;&#x626;&#x64A;&#x644;</subfield>
  </datafield>
  <datafield tag="650" ind1="0" ind2="4">
    <subfield code="a">&#x627;&#x644;&#x64A;&#x647;&#x648;&#x62F;</subfield>
  </datafield>
  <datafield tag="650" ind1="0" ind2="4">
    <subfield code="a">&#x627;&#x644;&#x635;&#x647;&#x64A;&#x648;&#x646;&#x64A;&#x629; &#x648;&#x627;&#x644;&#x64A;&#x647;&#x648;&#x62F;&#x64A;&#x629;</subfield>
  </datafield>
  <datafield tag="650" ind1="0" ind2="4">
    <subfield code="a">&#x627;&#x644;&#x64A;&#x647;&#x648;&#x62F; - &#x62A;&#x634;&#x62A;&#x62A;</subfield>
  </datafield>
  <datafield tag="942" ind1=" " ind2=" ">
    <subfield code="2">ddc</subfield>
    <subfield code="c">BK</subfield>
  </datafield>
  <datafield tag="999" ind1=" " ind2=" ">
    <subfield code="c">50353</subfield>
    <subfield code="d">50353</subfield>
  </datafield>
  <datafield tag="952" ind1=" " ind2=" ">
    <subfield code="0">0</subfield>
    <subfield code="1">0</subfield>
    <subfield code="4">0</subfield>
    <subfield code="7">0</subfield>
    <subfield code="a">CAI</subfield>
    <subfield code="b">CAI</subfield>
    <subfield code="d">2014-03-26</subfield>
    <subfield code="l">0</subfield>
    <subfield code="o">&#x62F;\050</subfield>
    <subfield code="p">120766</subfield>
    <subfield code="r">2014-03-26 00:00:00</subfield>
    <subfield code="w">2014-03-26</subfield>
    <subfield code="y">BK</subfield>
  </datafield>
</record>
